| 000 | 00000nas 2200000za 4500 |
| 001 | 9.850043 |
| 003 | CaOODSP |
| 005 | 20221107154050 |
| 007 | cr ||||||||||| |
| 008 | 180115c20159999oncar p o f0 a0eng|d |
| 040 | |aCaOODSP|beng |
| 043 | |an-cn-nf |
| 086 | 1 |aSG3-13E-PDF |
| 245 | 00|aEnvironmental scan. |pNewfoundland and Labrador |h[electronic resource]. |
| 260 | |a[Ottawa] : |bService Canada, |c[2015]- |
| 310 | |aAnnual |
| 362 | 1 |aBegan with Spring 2015. |
| 500 | |aIssued also in French under title: Analyse environnementale. Terre-Neuve-et-Labrador. |
| 692 | 07|2gccst|aPensions |
| 692 | 07|2gccst|aStatistics |
| 710 | 1 |aCanada. |bService Canada. |
| 775 | 08|tAnalyse environnementale. |w(CaOODSP)9.850045 |
| 780 | 00|tEnvironmental scan. |w(CaOODSP)9.507832 |